| Tag |
First Indicator |
Second Indicator |
Subfields |
| LEADER |
00000cam a2200000 a 4500 |
| 001 |
in00001032016 |
| 005 |
20150929082530.0 |
| 008 |
920817s1992 stka b 000 0deng d |
| 020 |
|
|
|a 0852613156
|
| 035 |
|
|
|a (OCoLC)26409685
|
| 035 |
|
|
|9 AFJ5950AM
|
| 040 |
|
|
|a GZN
|c GZN
|d TXA
|d UtOrBLW
|
| 049 |
|
|
|a TXAM
|
| 090 |
|
|
|a PQ2458.V7
|b Z85 1992
|
| 100 |
1 |
|
|a Redfern, W. D.
|
| 245 |
1 |
0 |
|a Feet first :
|b Jules Vallès /
|c Walter Redfern.
|
| 264 |
|
1 |
|a Glasgow, Scotland :
|b University of Glasgow French and German Publications,
|c 1992.
|
| 300 |
|
|
|a 231 pages :
|b illustrations ;
|c 21 cm.
|
| 336 |
|
|
|a text
|b txt
|2 rdacontent
|
| 337 |
|
|
|a unmediated
|b n
|2 rdamedia
|
| 338 |
|
|
|a volume
|b nc
|2 rdacarrier
|
| 504 |
|
|
|a Includes bibliographical references.
|
| 600 |
1 |
0 |
|a Vallès, Jules,
|d 1832-1885
|x Criticism and interpretation.
|
| 999 |
|
|
|a MARS
|
| 999 |
f |
f |
|s 0cd1a674-0ef9-3938-9e18-b74e3b487c04
|i 72a0f025-34b0-392c-ba86-860b404ab178
|t 0
|
| 952 |
f |
f |
|p normal
|a Texas A&M University
|b College Station
|c Sterling C. Evans Library
|d Evans: Library Stacks
|t 0
|e PQ2458.V7 Z85 1992
|h Library of Congress classification
|i unmediated -- volume
|m A14816236624
|
| 998 |
f |
f |
|a PQ2458.V7 Z85 1992
|t 0
|l Evans: Library Stacks
|